000 00274nam a22001097a 4500
008 231027b |||||||| |||| 00| 0 eng d
100 _aVajpeyee, Mangwato Prasad
_95894
245 _aVasna Ka Indrajal
260 _aDelhi;
_bNavyug Pub.;
_c1969;
300 _a176p
942 _cBK
999 _c40313
_d40313